Metodická příručka k učebnici Ruština pro pokročilé

Salvato in:
Dettagli Bibliografici
Natura: Libro
Lingua:ceco
Pubblicazione: Praha Státní pedagogické nakladatelství 1986
Edizione:2. vyd.
Serie:Metodické příručky
Tags: Aggiungi Tag
Nessun Tag, puoi essere il primo ad aggiungerne!!

MARC

LEADER 00000nam a2200000 4500
001 c105407
005 20041019155134.5
041 0 |a cze 
044 |a CZ 
245 1 0 |a Metodická příručka k učebnici Ruština pro pokročilé 
250 |a 2. vyd. 
264 1 |a Praha  |b Státní pedagogické nakladatelství  |c 1986 
300 |a 85 s. 
490 1 |a Metodické příručky 
830 0 |a Metodické příručky